Intimate relationships (Бичлэгийн дугаар. 145644)
| 000 -УДИРДЛАГА | |
|---|---|
| Удирдлага | 01638nam a22005177a 4500 |
| 003 - ХЯНАЛТЫН ТОО ТОДОРХОЙЛОГЧ | |
| Код | MN-UlNUM |
| 005 - БИЧИЛТ ХИЙСЭН ОГНОО | |
| Тухайн бичилтийг бичсэн засварласан сүүлийн огноо | 20251117162411.0 |
| 008 - ЕРӨНХИЙ МЭДЭЭЛЭЛ | |
| Ерөнхий мэдээлэл | 130531s2007 maua b 001 0 eng |
| 020 ## - ISBN | |
| ISBN | 9780072938012 |
| 040 ## - БИЧЛЭГ ҮҮСГЭГЧ БАЙГУУЛЛАГА | |
| Бичлэг үүсгэгч номын сангийн код | МУИС-ийн номын сан |
| 084 ## - ББК АНГИЛАЛ | |
| Нэмэлт тусгалт | Бусад |
| ББК ангилал | 87.7+74.9 |
| Зохиогчийн гурван тэмдэгт | M 70 |
| Мэдлэгийн ялгаа | 87 - Гүн ухаан |
| 100 1# - ЗОХИОГЧ | |
| Зохиогчийн нэр | Miller, Rowland S. |
| 245 1# - ҮНДСЭН ГАРЧИГ | |
| Номын нэр | Intimate relationships |
| Оролцогчдын тухай мэдээ | Rowland S. Miller, Daniel Perlman, Sharon S. Brehm |
| 250 ## - ДАХИН ХЭВЛЭЛТ | |
| Дахин гаралтын дугаар | 4th ed. |
| 260 ## - ГАРАЛТЫН МЭДЭЭ | |
| Хэвлэгдсэн газар | Boston |
| Хэвлэлийн газар | McGraw-Hill Higher Education |
| Хэвлэгдсэн он | 2007 |
| 300 ## - МАТЕРИАЛЫН ТОДОРХОЙЛОЛТ | |
| хуудасны тоо | xvii, 480, R-86, C-4, I-19 p. |
| Бусад тоон мэдээлэл | ill. ; |
| Хэмжээ | 24 cm |
| 500 ## - Тайлбар | |
| Дансны дугаар | БС 5860 |
| 546 ## - ХЭЛНИЙ ТУХАЙ МЭДЭЭ | |
| Хэл | Англи хэл дээр, |
| 653 ## - Түлхүүр үг | |
| Түлхүүр үг | family life |
| 653 ## - Түлхүүр үг | |
| Түлхүүр үг | family life education-United States |
| 700 1# - ХАМ ЗОХИОГЧИД | |
| Ба бус | Perlman, Daniel |
| 700 1# - ХАМ ЗОХИОГЧИД | |
| Ба бус | Brehm, Sharon S. |
| 740 ## - НОМЫН ГАРЧИГ | |
| Гарчиг | Introduction to the Study of Intimate Relationships |
| 740 ## - НОМЫН ГАРЧИГ | |
| Гарчиг | The Building Blocks of Relationships |
| 740 ## - НОМЫН ГАРЧИГ | |
| Гарчиг | Research Methods |
| 740 ## - НОМЫН ГАРЧИГ | |
| Гарчиг | Getting Together and Basic Processes in Intimate Relationships |
| 740 ## - НОМЫН ГАРЧИГ | |
| Гарчиг | Attraction |
| 740 ## - НОМЫН ГАРЧИГ | |
| Гарчиг | Social Cognition |
| 740 ## - НОМЫН ГАРЧИГ | |
| Гарчиг | Communication |
| 740 ## - НОМЫН ГАРЧИГ | |
| Гарчиг | Interdependency |
| 740 ## - НОМЫН ГАРЧИГ | |
| Гарчиг | Friendship and Intimacy |
| 740 ## - НОМЫН ГАРЧИГ | |
| Гарчиг | Friendships |
| 740 ## - НОМЫН ГАРЧИГ | |
| Гарчиг | Love |
| 740 ## - НОМЫН ГАРЧИГ | |
| Гарчиг | Sexuality |
| 740 ## - НОМЫН ГАРЧИГ | |
| Гарчиг | Relationship Issues |
| 740 ## - НОМЫН ГАРЧИГ | |
| Гарчиг | Stresses and Strains |
| 740 ## - НОМЫН ГАРЧИГ | |
| Гарчиг | Power |
| 740 ## - НОМЫН ГАРЧИГ | |
| Гарчиг | Conflict and Violence |
| 740 ## - НОМЫН ГАРЧИГ | |
| Гарчиг | Losing and Enhancing Relationships |
| 740 ## - НОМЫН ГАРЧИГ | |
| Гарчиг | The Dissolution and Loss of Relationships |
| 740 ## - НОМЫН ГАРЧИГ | |
| Гарчиг | Loneliness |
| 740 ## - НОМЫН ГАРЧИГ | |
| Гарчиг | Maintaining and Repairing Relationships |
| 942 ## - ЭЛЕМЕНТИЙН ТӨРӨЛ | |
| Зүйлийн төрөл | Ном |
